000
00408nam a2200145Ia 4500
008
100122s9999 xx 000 0 und d
082
_b
49841
_a
81
100
_a
तेंडुलकर विजय
245
_a
रामप्रहर
260
_b
ऋतू प्रकाशन
_c
1994
300
_a
294
630
_a
रामप्रहर
730
_a
रामप्रहर
942
_c
BOOK
999
_c
427682
_d
427679